Statistiken für Fußball-Europameisterschaft der Frauen

Klicken Sie hier um das Quiz zu spielen!

Allgemein

  • Dieses Quiz wurde 349 mal gespielt
    (180 seit der letzten Aktualisierung)
  • Das Durchschnittsergebnis liegt bei 8 aus 10

Antwortstatistiken

RangLandTitelJahr(e)2. PlatzFinaleHalbfinale% Korrekt
1Deutschland8
1989, 1991, 1995, 1997, 2001, 2005, 2009,
2013
1910
100%
4England12022236
96%
3Schweden11984348
93%
5Niederlande12017012
88%
Spanien1
88%
2Norwegen21987, 1993469
86%
6Italien226
83%
7Dänemark116
76%
Österreich1
74%
8Finnland1
57%

Verteilung der Resultate

Perzentil nach korrekt beantworteten Fragen

Anzahl Personen mit jedem Resultat

Ihre Resultats-Entwicklung

Sie haben dieses Quiz seit der letzten Aktualisierung nicht gespielt